000 00346nam a22001577a 4500
003 SGT
020 _a978-0-07-463166-9
082 _a610.7362
_bC17H
100 _aHURLOCK, ELIZABETH B.
245 _aCHILD DEVELOPMENT
250 _a6TH
260 _aINDIA
_bMC GRAW HILL
_c2017
300 _a570
650 _aPEDIATRICS
942 _2ddc
_cBK
999 _c16510
_d16510